书目信息 |
| 题名: |
生态视野下的音乐教育
|
|
| 作者: | 梁米娅 编著 | |
| 分册: | ||
| 出版信息: | 长春 吉林美术出版社 2018 |
|
| 页数: | 185页 | |
| 开本: | 24cm | |
| 丛书名: | ||
| 单 册: | ||
| 中图分类: | J60-059 | |
| 科图分类: | ||
| 主题词: | 音乐教育--研究 | |
| 电子资源: | ||
| ISBN: | 978-7-5575-2786-0 | |
| 000 | 00616nam0 2200217 450 | |
| 001 | 012001012519 | |
| 005 | 20131107095225.0 | |
| 010 | @a978-7-5575-2786-0@dCNY45.00 | |
| 100 | @a20190226d2018 em y0chiy50 ea | |
| 101 | 0 | @achi |
| 102 | @aCN@b220000 | |
| 105 | @ay z 000yy | |
| 106 | @ar | |
| 200 | 1 | @a生态视野下的音乐教育@9sheng tai shi ye xia de yin yue jiao yu@f梁米娅编著 |
| 210 | @a长春@c吉林美术出版社@d2018 | |
| 215 | @a185页@d24cm | |
| 606 | 0 | @a音乐教育@x研究 |
| 690 | @aJ60-059@v5 | |
| 701 | 0 | @a梁米娅@9liang mi ya@4编著 |
| 801 | 0 | @aCN@b上海新华@c20191020 |
| 905 | @b1179684-7@dJ60-059@e1076@f4 | |
| 生态视野下的音乐教育/梁米娅编著.-长春:吉林美术出版社,2018 |
| 185页;24cm |
| ISBN 978-7-5575-2786-0:CNY45.00 |
| ● |
| 相关链接 |
|
|
|
|
正题名:生态视野下的音乐教育
索取号:J60-059/1076
 
预约/预借
| 序号 | 登录号 | 条形码 | 馆藏地/架位号 | 状态 | 备注 |
| 1 | 1179684 | 211796840 | 第一样本阅览室/ [索取号:J60-059/1076] | 在馆 | |
| 2 | 1179685 | 211796859 | 第一借阅区/ [索取号:J60-059/1076] | 在馆 | |
| 3 | 1179686 | 211796868 | 第一借阅区/ [索取号:J60-059/1076] | 在馆 | |
| 4 | 1179687 | 211796877 | 第一借阅区/ [索取号:J60-059/1076] | 在馆 |